अनुप्रयुक्त भाषाविज्ञान: सिद्धांत एवं प्रयोग (Record no. 100432)
[ view plain ]
| 000 -LEADER | |
|---|---|
| fixed length control field | 01194nam a2200265Ia 4500 |
| 003 - CONTROL NUMBER IDENTIFIER | |
| control field | OSt |
| 005 - DATE AND TIME OF LATEST TRANSACTION | |
| control field | 20220916110903.0 |
| 008 - FIXED-LENGTH DATA ELEMENTS--GENERAL INFORMATION | |
| fixed length control field | 220915b |||||||| |||| 00| 0 hin d |
| 020 ## - INTERNATIONAL STANDARD BOOK NUMBER | |
| International Standard Book Number | 9788171195381 (hbk) |
| 037 ## - SOURCE OF ACQUISITION | |
| Terms of availability | Textbook |
| 040 ## - CATALOGING SOURCE | |
| Language of cataloging | hin |
| Original cataloging agency | ARTS |
| Transcribing agency | ARTS |
| 041 ## - LANGUAGE CODE | |
| Language code of text/sound track or separate title | hin |
| 100 ## - MAIN ENTRY--PERSONAL NAME | |
| Personal name | श्रीवास्तव, रवीन्द्रनाथ; सूरजभान सिंह, {और अन्य}, संपा. |
| 245 #0 - TITLE STATEMENT | |
| Title | अनुप्रयुक्त भाषाविज्ञान: सिद्धांत एवं प्रयोग |
| 246 ## - VARYING FORM OF TITLE | |
| Title proper/short title | Anuprayukta bhāṣhāvijnyāna: siddhāanta evan prayoga |
| 260 ## - PUBLICATION, DISTRIBUTION, ETC. | |
| Place of publication, distribution, etc. | नई |
| Name of publisher, distributor, etc. | दिल्ली राधाकृष्ण भारत |
| Date of publication, distribution, etc. | 2010 |
| 300 ## - PHYSICAL DESCRIPTION | |
| Extent | 394पृ0 |
| Dimensions | cm. |
| 942 ## - ADDED ENTRY ELEMENTS (KOHA) | |
| Classification part | P152, 152P0 (TTPH) |
| Koha item type | Textbook |
| Source of classification or shelving scheme | Colon Classification (CC) |
| Withdrawn status | Lost status | Damaged status | Not for loan | Home library | Current library | Date acquired | Source of acquisition | Cost, normal purchase price | Total Checkouts | Full call number | Barcode | Date last seen | Date last checked out | Cost, replacement price | Price effective from | Koha item type |
|---|---|---|---|---|---|---|---|---|---|---|---|---|---|---|---|---|
| Arts Library | Arts Library | 2022-09-16 | 428, 28/01/2011, Eastern Book Linkers | 1000.00 | 1 | P152 152P0 (TTPH) | AL1296202 | 2025-03-06 | 2025-01-30 | 1000.00 | 2022-09-16 | Textbook |
